000 00264nam a22001097a 4500
040 _cHS
082 _a307 ROB 1983 C086
100 _aROBERT CHAMBERS
245 _aRural development putting the last first
260 _aNew York
_bROBERT CHAMBERS
_c1983
942 _cEK
999 _c11089
_d11089